000 nam a22 a 4500
999 _c1707
_d1707
005 20170511142827.0
008 170511b1990 xxu||||| |||| 00| 0 eng d
020 _a1556232101
040 _aAKMAL
082 _a332.1068 HIG
090 _a332.1068
_bHIG
100 _aMICHAEL T. HIGGINS
_93521
245 _aBEYOND SURVIVAL:
_bHow Financial Institutions Can Thrive in the 1990s /
_cMichael T. Higgins
260 _aUnited States
_bIrwin
_c1990
300 _a322 p.
_ccm
942 _2ddc
_cBOOK